00000000nem##2200000za#4500
0019.550174
003CaOODSP
00520200401024436
007aj |a|||
008150406|2010||||xxc||||   a##f  |   eng|d
020 |a978-0-660-65000-5
022 |a1915-884X
040 |aCaOODSP|beng
041 |aeng
041 |afre
043 |an-cn---
0861 |aM116-2/015L13
1101 |aCanada.|bNatural Resources Canada. |bCentre for Topographic Information.
24510|aLady Franklin Island, Nunavut |h[cartographic material]
250 |aEd. 01, version 00
255 |aScale 1:50,000
260 |aOttawa - Ontario : |bNatural Resources Canada. |c2010.
300 |a1 sheet. : |bcoloured map ; |c69 cm.
4901 |aCanadian topographic maps |x1915-884X|v15-L/13
500 |aSeries A713. Includes a legend.
590 |a10-23|b2010-06-11
7760#|tLady Franklin Island, Nunavut |w(CaOODSP)9.584590
792 |tLady Franklin Island, Nunavut |efre|w(CaOODSP)9.550175
830#0|aCanadian topographic maps,|x1915-884X|v15-L/13|w(CaOODSP)9.511450